000 00233nam a22000857a 4500
008 161129b xxu||||| |||| 00| 0 eng d
100 _91527
_aVerma.etal.
245 _aConcepts of Mathematics
260 _aNew Delhi
_bPrachi Publications
_c2009
999 _c4255
_d4255